El ente y la esencia

Abordaje sobre lo que es la esencia de los diversos entes, a la luz de la metafísica aristotélica. El primer problema desarrollado es la distinción entre sustancia y accidente, seguidamente, entre sustancia simple y compuesta. Continúa con la explicación de la esencia de la sustancia material, la pu...

ver descrição completa

Na minha lista:
Detalhes bibliográficos
Autor principal: Aquino, Santo Tomas de
Formato: Livro
Idioma:Undetermined
Publicado em: Buenos Aires, Argentina Aguilar 1961
Assuntos:
Tags: Adicionar Tag
Sem tags, seja o primeiro a adicionar uma tag!

MARC

LEADER 00000nam a2200000Ia 4500
008 170316s9999 xx 000 0 und d
040 |a cru BVZT 
090 |a 100 A-31e 
100 |a Aquino, Santo Tomas de  |9 906 
245 |a El ente y la esencia 
260 |a Buenos Aires, Argentina  |b Aguilar  |c 1961 
300 |a 85 páginas 
520 |a Abordaje sobre lo que es la esencia de los diversos entes, a la luz de la metafísica aristotélica. El primer problema desarrollado es la distinción entre sustancia y accidente, seguidamente, entre sustancia simple y compuesta. Continúa con la explicación de la esencia de la sustancia material, la pura inteligencia y la sustancia divina, para pasar finalmente a la explicación de lo relativo a la esencia de los accidentes. 
650 |a FILOSOFÍA  |9 5 
650 |a SANTO TOMÁS DE AQUINO  |9 907 
650 |a EL ENTE Y LA ESENCIA  |9 908 
999 |c 15510  |d 15510 
942 |c SALA  |h 100 A-31e  |2 z